Guess the Taylor Swift Song by the first line 6 - Statistics

General Stats
  • This quiz has been taken 46 times
    44 since last reset
  • The average score is 11 of 13
Answer Stats
Hint Answer % Correct
-----, I won't make assumptionsAbout why you switched your homeroom But I think it's 'cause of me Betty
94%
Vintage tee, brand new phoneHigh heels on cobblestones Cardigan
94%
You booked the night train for a reasonSo you could sit there in this hurt Bustling crowds or silent sleepers Champagne Problems
89%
I can see you standing, honeyWith his arms around your body Laughin', but the joke's not funny at all Exile
86%
We gather here, we line upWeepin' in a sunlit room, and If I'm on fire, you'll be made of ashes too Even on my worst day, did I deserve, babe My Tears Ricochet
86%
I sit and watch you reading with yourHead low I wake and watch you breathing with your Eyes closed tolerate it
86%
Now, pretty baby, I'm running back home to you----- --- --- -------, I know who my first call will be to Fresh Out The Slammer
83%
State the obvious, I didn't get my perfect fantasyI realize you love yourself more than you could ever love me So go and tell your friends that I'm obsessive and crazy Picture to Burn
83%
Once upon a time, the planets and the fatesAnd all the stars aligned You and I ended up in the same room At the same time Mastermind
81%
I am someone who, until recent eventsYou shared your secrets with And your location You forgot to turn it off And so I watch as you walk Into some bar called --- ----- --- The Black Dog
81%
See you in the darkAll eyes on you, my magician All eyes on us You make everyone disappear, and Cut me into pieces So it Goes...
78%
You can beat the heat if you beat the charges tooThey said I was a cheat, I guess it must be true Florida!!!
72%
Is it romantic how all my elegies eulogize me?I'm not cut out for all these cynical clones These hunters with cell phones The lakes
69%
No matching quizzes found
Score Distribution
Percent of People with Each Score
Percentile by Number Answered
Your Score History
You have not taken this quiz since the last reset